Expression of matrilins in embryo and newborn mice
Elmentve itt :
| Szerző: | |
|---|---|
| Dokumentumtípus: | Cikk |
| Megjelent: |
2003
|
| Sorozat: | Acta biologica Szegediensis
47 No. 1-4 |
| Kulcsszavak: | Természettudomány, Biológia |
| Online Access: | http://acta.bibl.u-szeged.hu/22601 |
| LEADER | 00602nab a2200181 i 4500 | ||
|---|---|---|---|
| 001 | acta22601 | ||
| 005 | 20210413115511.0 | ||
| 008 | 161017s2003 hu o 0|| eng d | ||
| 022 | |a 1588-385X | ||
| 040 | |a SZTE Egyetemi Kiadványok Repozitórium |b hun | ||
| 041 | |a eng | ||
| 100 | 1 | |a Korpos Éva | |
| 245 | 1 | 0 | |a Expression of matrilins in embryo and newborn mice |h [elektronikus dokumentum] / |c Korpos Éva |
| 260 | |c 2003 | ||
| 300 | |a 69 | ||
| 490 | 0 | |a Acta biologica Szegediensis |v 47 No. 1-4 | |
| 695 | |a Természettudomány, Biológia | ||
| 856 | 4 | 0 | |u http://acta.bibl.u-szeged.hu/22601/1/4769.pdf |z Dokumentum-elérés |